000 01123nam a22003257a 4500
003 CHAP
005 20220329134214.0
008 971013s1980 r 00010 d
010 _a16952
011 _a17924
035 _a22008
040 _cCHAP
090 _aTesis
100 0 0 _aCastro Romero, José Alfonso.
_920423
245 _aPerdidas económicas que provoca brucella abortus en el ganado bovino en la sindicatura de el Dorado, Sinaloa
260 _aMéxico, D.F. :
_bEl autor,
_c1980
300 _a50 p.
_b; ilus.
502 _aTesis (Médico Veterinario Zootecnista) -- UNAM. Facultad de Medicina Veterinaria y Zootecnia
590 _aALEPH
_b10
_c20130110
_lUCH01
_h1240
590 _aBATCH-UPD
_b10
_c20130110
_lUCH01
_h1725
590 _aBATCH-UPD
_b10
_c20130410
_lUCH01
_h1108
590 _aBATCH-UPD
_b10
_c20130914
_lUCH01
_h0753
590 _aCONVERSION
_b10
_c20130109
_lUCH01
_h1311
650 1 4 _aBrucelosis.
_915734
650 1 4 _aGanado vacuno
_xEnfermedades.
_945460
650 1 4 _aGanado vacuno
_xSinaloa.
_945514
901 _aBK
942 _cTESIS
949 _bBC
_cTES
_d-51246
_eTS1
_h18645
_i22008
_si
999 _c16952
_d16952